Statistics for Closest Countries to Australia A-Z

Click here to take the quiz!

General Stats

  • This quiz has been taken 60 times
  • The average score is 19 of 24

Answer Stats

LetterCountry% Correct
IIndonesia
100%
NNew Zealand
98%
JJapan
94%
PPapua New Guinea
93%
VVanuatu
91%
YYemen
89%
ZZimbabwe
89%
LLaos
87%
OOman
87%
TTuvalu
87%
EEast Timor
85%
KKiribati
85%
MMalaysia
85%
QQatar
83%
SSolomon Islands
80%
BBrunei
74%
CCambodia
72%
FF. S. Micronesia
69%
HHungary
63%
UUzbekistan
63%
AAfghanistan
57%
RRussia
57%
DDjibouti
54%
GGeorgia
48%

Score Distribution

Percentile by Number Answered

Percent of People with Each Score

Your Score History

You have not taken this quiz